Capitaines d'Equipes vainqueurs de la Ligue des Champions - Statistiques

Statistiques générales
  • Ce quiz a été pris 206 fois
  • Le résultat moyen est 11 sur 14
Statistiques - réponses
Hint Réponse % Correct
2018 Sergio Ramos
96%
2017 Sergio Ramos
96%
2016 Sergio Ramos
96%
2015 Andres Iniesta
90%
2022 Karim Benzema
90%
2020 Manuel Neuer
85%
2023 Ilkay Gundogan
83%
2011 Xavi
82%
2019 Jordan Henderson
76%
2014 Iker Casillas
70%
2013 Philipp Lahm
65%
2012 Frank Lampard
56%
2021 César Azpilicueta
54%
2010 Javier Zanetti
40%
Aucun quiz correspondant
Distribution des résultats
% des personnes avec chaque résultat
Percentile par nombre de réponses
Votre historique - résultats
Vous n’avez pas pris ce quiz